[Event "Open"]
[Site "Saint Louis, US"]
[Date "2025.10.24"]
[Round "11"]
[White "So, Wesley"]
[Black "Oparin, Grigoriy"]
[Result "1/2-1/2"]
[Board "5"]
[WhiteFideId "5202213"]
[BlackFideId "24125890"]
[WhiteTitle "GM"]
[BlackTitle "GM"]
[WhiteElo "2756"]
[BlackElo "2661"]
[WhiteTeam "USA"]
[BlackTeam "USA"]
[WhiteClock "0:03:42"]
[BlackClock "0:11:54"]
[Variant "Standard"]

1. e4 {[%clk 1:30:58]}  c5 {[%clk 1:30:56]} 2. Nf3 {[%clk 1:31:24]}  Nc6 {[%clk 1:31:22]} 3. d4 {[%clk 1:31:46]}  cxd4 {[%clk 1:31:48]} 4. Nxd4 {[%clk 1:32:11]}  Nf6 {[%clk 1:32:12]} 5. Nc3 {[%clk 1:32:38]}  e5 {[%clk 1:32:32]} 6. Ndb5 {[%clk 1:32:47]}  d6 {[%clk 1:32:57]} 7. Bg5 {[%clk 1:33:12]}  a6 {[%clk 1:33:23]} 8. Na3 {[%clk 1:33:37]}  b5 {[%clk 1:33:45]} 9. Nab1 {[%clk 1:33:40]}  Be7 {[%clk 1:33:25]} 10. Bxf6 {[%clk 1:33:06]}  Bxf6 {[%clk 1:33:50]} 11. a4 {[%clk 1:33:34]}  b4 {[%clk 1:34:01]} 12. Nd5 {[%clk 1:34:00]}  O-O {[%clk 1:33:53]} 13. Bc4 {[%clk 1:34:27]}  Be6 {[%clk 1:33:05]} 14. O-O {[%clk 1:34:42]}  Bg5 {[%clk 1:33:27]} 15. Qd3 {[%clk 1:35:03]}  a5 {[%clk 1:33:01]} 16. c3 {[%clk 1:35:13]}  bxc3 {[%clk 1:31:30]} 17. Nbxc3 {[%clk 1:35:35]}  Rc8 {[%clk 1:28:37]} 18. b3 {[%clk 1:35:38]}  Kh8 {[%clk 1:25:49]} 19. Nb5 {[%clk 1:31:11]}  g6 {[%clk 1:02:11]} 20. Rad1 {[%clk 1:20:48]}  Bg4 {[%clk 0:59:43]} 21. f3 {[%clk 1:16:49]}  Be6 {[%clk 1:00:09]} 22. Qc3 {[%clk 1:11:42]}  Nd4 {[%clk 0:43:10]} 23. Nxd4 {[%clk 1:09:04]}  Bxd5 {[%clk 0:43:26]} 24. Nb5 {[%clk 1:09:23]}  Bxc4 {[%clk 0:42:34]} 25. bxc4 {[%clk 1:09:42]}  Qb6+ {[%clk 0:41:15]} 26. Kh1 {[%clk 1:10:02]}  Be7 {[%clk 0:41:03]} 27. Rd5 {[%clk 1:07:26]}  Rc6 {[%clk 0:32:12]} 28. f4 {[%clk 1:05:23]}  Kg8 {[%clk 0:32:09]} 29. f5 {[%clk 1:03:41]}  Bg5 {[%clk 0:26:13]} 30. Rxd6 {[%clk 0:38:47]}  Qc5 {[%clk 0:25:24]} 31. Rxc6 {[%clk 0:32:12]}  Qxc6 {[%clk 0:25:49]} 32. c5 {[%clk 0:32:28]}  Be7 {[%clk 0:23:43]} 33. Rc1 {[%clk 0:26:57]}  Rd8 {[%clk 0:20:36]} 34. Qxe5 {[%clk 0:11:41]}  Bxc5 {[%clk 0:12:21]} 35. Qc3 {[%clk 0:08:34]}  Qb6 {[%clk 0:11:28]} 36. h3 {[%clk 0:08:03]}  Bf8 {[%clk 0:09:43]} 37. Rf1 {[%clk 0:06:02]}  Bg7 {[%clk 0:09:08]} 38. Qf3 {[%clk 0:04:03]}  Be5 {[%clk 0:04:40]} 39. fxg6 {[%clk 0:03:51]}  Qxg6 {[%clk 0:05:06]} 40. Nc3 {[%clk 0:04:15]}  Qg3 {[%clk 0:01:14]} 41. Qxg3+ {[%clk 0:03:32]}  Bxg3 {[%clk 0:01:38]} 42. Nd5 {[%clk 0:28:34]}  Kf8 {[%clk 0:25:26]} 43. Rf3 {[%clk 0:28:32]}  Be5 {[%clk 0:23:28]} 44. Rf5 {[%clk 0:21:48]}  Re8 {[%clk 0:22:28]} 45. Nb6 {[%clk 0:21:06]}  Bc3 {[%clk 0:20:08]} 46. Nd7+ {[%clk 0:15:50]}  Ke7 {[%clk 0:19:45]} 47. Nb6 {[%clk 0:14:43]}  Kf8 {[%clk 0:20:02]} 48. Rc5 {[%clk 0:12:50]}  Bb4 {[%clk 0:14:01]} 49. Rc4 {[%clk 0:11:30]}  f5 {[%clk 0:13:42]} 50. e5 {[%clk 0:09:48]}  Kf7 {[%clk 0:12:55]} 51. Nd5 {[%clk 0:08:46]}  Rxe5 {[%clk 0:12:52]} 52. Nxb4 {[%clk 0:09:10]}  axb4 {[%clk 0:13:19]} 53. Rxb4 {[%clk 0:09:39]}  Re3 {[%clk 0:11:54]} 54. Rb5 {[%clk 0:03:31]}  Kg6 {[%clk 0:12:08]} 55. a5 {[%clk 0:03:53]}  Ra3 {[%clk 0:11:46]} 56. Kg1 {[%clk 0:03:36]}  Kg5 {[%clk 0:11:18]} 57. Kf2 {[%clk 0:03:39]}  h5 {[%clk 0:10:36]} 58. g3 {[%clk 0:03:28]}  Ra2+ {[%clk 0:11:00]} 59. Kf3 {[%clk 0:03:45]}  Ra3+ {[%clk 0:11:27]} 60. Kf2 {[%clk 0:03:42]}  Ra2+ {[%clk 0:11:54]} 1/2-1/2

[Event "Open"]
[Site "Saint Louis, US"]
[Date "2025.10.24"]
[Round "11"]
[White "Niemann, Hans Moke"]
[Black "Swiercz, Dariusz"]
[Result "1/2-1/2"]
[Board "6"]
[WhiteFideId "2093596"]
[BlackFideId "1126881"]
[WhiteTitle "GM"]
[BlackTitle "GM"]
[WhiteElo "2738"]
[BlackElo "2577"]
[WhiteTeam "USA"]
[BlackTeam "USA"]
[WhiteClock "1:16:36"]
[BlackClock "1:26:26"]
[Variant "Standard"]

1. e4 {[%clk 1:30:57]}  c5 {[%clk 1:30:57]} 2. Nf3 {[%clk 1:31:17]}  d6 {[%clk 1:31:24]} 3. d4 {[%clk 1:31:19]}  cxd4 {[%clk 1:31:51]} 4. Nxd4 {[%clk 1:31:41]}  Nf6 {[%clk 1:32:18]} 5. Nc3 {[%clk 1:32:01]}  a6 {[%clk 1:32:46]} 6. Bg5 {[%clk 1:32:19]}  e6 {[%clk 1:33:11]} 7. f3 {[%clk 1:31:44]}  h6 {[%clk 1:25:04]} 8. Be3 {[%clk 1:31:54]}  Be7 {[%clk 1:25:32]} 9. Qd2 {[%clk 1:31:46]}  b5 {[%clk 1:25:25]} 10. O-O-O {[%clk 1:27:27]}  b4 {[%clk 1:25:00]} 11. Na4 {[%clk 1:24:41]}  Qa5 {[%clk 1:24:22]} 12. b3 {[%clk 1:25:05]}  Bd7 {[%clk 1:24:48]} 13. Nf5 {[%clk 1:14:19]}  exf5 {[%clk 1:24:58]} 14. Bb6 {[%clk 1:14:47]}  Qe5 {[%clk 1:25:24]} 15. Bd4 {[%clk 1:15:15]}  Qa5 {[%clk 1:25:50]} 16. Bb6 {[%clk 1:15:42]}  Qe5 {[%clk 1:26:17]} 17. Bd4 {[%clk 1:16:09]}  Qa5 {[%clk 1:26:37]} 18. Bb6 {[%clk 1:16:36]}  Qe5 {[%clk 1:26:26]} 1/2-1/2